| 000 | 00537 a2200169 4500 | ||
|---|---|---|---|
| 005 | 20250602085357.0 | ||
| 020 | _a0-03-033827-1 | ||
| 082 | _aLECT 658 DAF | ||
| 100 | _aDAFT, R. L. | ||
| 245 | _aUnderstanding Management | ||
| 250 | _a3rd Ed. | ||
| 260 |
_aNew York, _bHarcourt College Publishers, _c2001. |
||
| 300 |
_axxviii, 606p.: ill.; chart, picture, table _bGlossary, Index & Reference _c26cm. |
||
| 700 | _aMARCIC, D. | ||
| 856 |
_yAccess Online Book _fUnderstanding Management _dhttp://www.harcourtcollege.com |
||
| 942 |
_2ddc _cBKS |
||
| 999 |
_c2964 _d2964 |
||